Fundamentals of biochemistry with J. L. Jain, Sunjay life and works of over biochemists
Guardat en:
| Autor principal: | |
|---|---|
| Format: | Llibre |
| Idioma: | anglès |
| Publicat: |
S. Chand
2014
|
| Etiquetes: |
Afegir etiqueta
Sense etiquetes, Sigues el primer a etiquetar aquest registre!
|
MARC
| LEADER | 00000nam a22000007a 4500 | ||
|---|---|---|---|
| 008 | 201207b ||||| |||| 00| 0 eng d | ||
| 020 | |a 978-81-219 | ||
| 100 | |a JAIN, J. L | ||
| 245 | |a Fundamentals of biochemistry |b with J. L. Jain, Sunjay life and works of over biochemists |c Nitni Jain and Sunjay Jain |g xxxii; 1615 | ||
| 250 | |b 7th ed. | ||
| 260 | |b S. Chand |c 2014 |d Books |h New Delhi |i 691388 |i 691389 |i 691390 |l QD415 .J19 |m Biochemistry | ||
| 942 | |a lcc |c BK |e Olagoke M.A |f 07/12/2020 | ||
| 952 | |0 0 |1 0 |2 lcc |4 0 |6 QD0415 J19 |7 0 |9 101 |a HOL |b HOL |c QZ |d 2020-12-07 |l 0 |o QD415 .J19 |p 2020-0068 |r 2020-12-07 00:00:00 |w 2020-12-07 |y BK | ||
| 952 | |0 0 |1 0 |2 lcc |4 0 |6 QD0415 J19 |7 0 |9 102 |a HOL |b HOL |c QZ |d 2020-12-07 |l 0 |o QD415 .J19 |p 2020-0069 |r 2020-12-07 00:00:00 |w 2020-12-07 |y BK | ||
| 952 | |0 0 |1 0 |2 lcc |4 0 |6 QD0415 J19 |7 0 |9 103 |a HOL |b HOL |c QZ |d 2020-12-07 |l 0 |o QD415 .J19 |p 2020-0070 |r 2020-12-07 00:00:00 |w 2020-12-07 |y BK | ||
| 999 | |c 34 |d 34 | ||